[Event "Oberliga Wuerttemberg 1112"]
[Site "Wuerttemberg"]
[Date "2012.03.18"]
[Round "8.7"]
[White "Klotz, Hartmut"]
[Black "Wendler, Werner"]
[Result "1/2-1/2"]
[WhiteElo "1944"]
[BlackElo "2112"]
[PlyCount "52"]
[EventDate "2011.10.09"]
[EventType "team-tourn"]
[EventRounds "9"]
[EventCountry "GER"]
[SourceTitle "EXT 2019"]
[Source "ChessBase"]
[SourceDate "2018.10.10"]
[SourceVersion "1"]
[SourceVersionDate "2018.10.10"]
[SourceQuality "1"]
[WhiteTeam "Willsbach"]
[BlackTeam "Pfullingen"]
[WhiteTeamCountry "GER"]
[BlackTeamCountry "GER"]

1. d4 d5 2. Nf3 c6 3. g3 Nf6 4. Bg2 Bf5 5. 0-0 e6 6. Nc3 Bd6 7. Nh4 Nbd7 8. Nxf5 exf5 9. f3 0-0 10. e4 fxe4 11. fxe4 dxe4 12. Nxe4 Nxe4 13. Bxe4 Nf6 14. Bg5 Be7 15. Bxf6 Bxf6 16. c3 Bg5 17. Qb3 Qc7 18. Rae1 Rae8 19. Kg2 g6 20. h4 Bd8 21. d5 Kg7 22. dxc6 bxc6 23. Qc4 Re6 24. Bf3 Rfe8 25. Rxe6 Rxe6 26. Rd1 Bf6 1/2-1/2

[Event "Oberliga Wuerttemberg 1112"]
[Site "Wuerttemberg"]
[Date "2012.01.15"]
[Round "5.8"]
[White "Aksenov, Pavel"]
[Black "Klotz, Hartmut"]
[Result "0-1"]
[WhiteElo "2112"]
[BlackElo "1944"]
[PlyCount "102"]
[EventDate "2011.10.09"]
[EventType "team-tourn"]
[EventRounds "9"]
[EventCountry "GER"]
[SourceTitle "EXT 2019"]
[Source "ChessBase"]
[SourceDate "2018.10.10"]
[SourceVersion "1"]
[SourceVersionDate "2018.10.10"]
[SourceQuality "1"]
[WhiteTeam "Stuttgart SF II"]
[BlackTeam "Willsbach"]
[WhiteTeamCountry "GER"]
[BlackTeamCountry "GER"]

1. d4 g6 2. e4 Bg7 3. c3 d6 4. f4 e6 5. Nf3 Ne7 6. Be3 0-0 7. Qd2 b6 8. Bd3 Bb7 9. 0-0 d5 10. e5 h5 11. Na3 Nd7 12. h3 Nf5 13. Bf2 Nh6 14. Rac1 a6 15. Ng5 Qe8 16. Qe2 f6 17. exf6 Rxf6 18. Rce1 Nf8 19. Bg3 Qd7 20. Nf3 Nf5 21. Bh2 Nh6 22. Ne5 Qa4 23. g4 hxg4 24. hxg4 Nf7 25. g5 Rf5 26. Bxf5 Nxe5 27. Bxe6+ Nxe6 28. fxe5 c5 29. Qd3 Qe8 30. Rf2 a5 31. Kh1 cxd4 32. cxd4 Ba6 33. Qb3 Rb8 34. Nc2 Qd7 35. Qh3 Qe7 36. Rf6 Nxg5 37. Qf1 Bxf1 38. Rexf1 Bxf6 39. Rxf6 Kh7 40. Ne3 Rf8 41. Nxd5 Qd8 42. Rd6 Qa8 43. Kg2 Rf7 44. Kg1 Nf3+ 45. Kg2 Nxd4 46. Kh3 Qc8+ 47. Kg2 Qc2+ 48. Kh3 Qf5+ 49. Kh4 Qh5+ 50. Kg3 Rf3+ 51. Kg2 Qh3+ 0-1

[Event "Oberliga Wuerttemberg 1112"]
[Site "Wuerttemberg"]
[Date "2011.12.11"]
[Round "4.8"]
[White "Klotz, Hartmut"]
[Black "Gabriel, Josef"]
[Result "1/2-1/2"]
[WhiteElo "1944"]
[BlackElo "2130"]
[PlyCount "86"]
[EventDate "2011.10.09"]
[EventType "team-tourn"]
[EventRounds "9"]
[EventCountry "GER"]
[SourceTitle "EXT 2019"]
[Source "ChessBase"]
[SourceDate "2018.10.10"]
[SourceVersion "1"]
[SourceVersionDate "2018.10.10"]
[SourceQuality "1"]
[WhiteTeam "Willsbach"]
[BlackTeam "Stuttgart SF"]
[WhiteTeamCountry "GER"]
[BlackTeamCountry "GER"]

1. e4 g6 2. d4 Bg7 3. Nf3 d6 4. Be2 Nf6 5. Nc3 0-0 6. 0-0 a6 7. a4 b6 8. h3 h6 9. Be3 Kh7 10. Qd2 Bb7 11. Bd3 Nc6 12. Ne2 e5 13. c3 Qd7 14. d5 Ne7 15. Ng3 Rae8 16. Nh4 Neg8 17. Qe2 Qc8 18. b4 Qa8 19. c4 a5 20. bxa5 Qxa5 21. Bd2 Qa8 22. a5 bxa5 23. Rxa5 Qd8 24. Ra7 Bc8 25. Nf3 Re7 26. Ba5 Ne8 27. Qc2 Bd7 28. Rb1 Qc8 29. Rbb7 c6 30. Qb2 cxd5 31. Rb8 Qc6 32. cxd5 Qa4 33. Bc2 Qc4 34. Bd8 Nef6 35. Rc7 Qa6 36. Rb6 Qxb6 37. Qxb6 Rxd8 38. Qxd6 Ne8 39. Qb6 Nxc7 40. d6 Ne6 41. dxe7 Nxe7 42. h4 Nc6 43. h5 Rb8 1/2-1/2